Gazdagság és aszkézis. Marx és az utópista szocializmus kapcsolatához

Elmentve itt :
Bibliográfiai részletek
Szerző: Thoma László
Adatforrás:Philobibl
Forrásdokumentuma:Filozófiai Figyelő 4
1982/1-2., 24-35. p.
Dokumentumtípus: Cikk
Nyelv:magyar
LEADER 00335nab a2200097 c 4500
001 bibDOK00002179
005 20200924115846.4
008 060518s1982 hu hun
100 1 |a Thoma László 
245 1 0 |a Gazdagság és aszkézis. Marx és az utópista szocializmus kapcsolatához  |c Thoma László 
773 0 |t Filozófiai Figyelő 4  |g 1982/1-2., 24-35. p.